00876cam a2200205 a 4500001000400000003001000004005001700014008004100031020001800072040002500090080002000115100003700135245027500172260003900447300002700486504002500513650003600538650004900574650004700623121BR-CuiBMT20231113222126.0230816s2022 mgba 000 0 por d a9786555182347 aBR-CuiBMTcBR-CuiBMT 22007a351.712.21 aReis, Paulo Sérgio de Monteiro1 aContratos da administração pública :badministração direta e estatais : formalização, conteúdo e fiscalização : de acordo com as Leis n° 8.666/1993, n° 14.133/2021 e n° 13.303/2016 /cPaulo Sérgio de Monteiro Reis ; prefácio Edgar Guimarães. aBelo Horizonte :bFórum,cc2021. a288 p. :bil. ;c22 cm aInclui bibliografia. aContrato administrativozBrasil aConcessão de serviços públicoszBrasil aEmpresas estataisxContrato administrativo